000 00435nmm a2200145Ia 4500
008 251105s9999||||xx |||||||||||||||||und||
041 _aspa
100 _aEchevarria, Guillermo
245 0 _aCómo hacer que las cosas pasen
264 _a[Madrid, España] :
_bEdiciones B,
_c2014
300 _a377 páginas
650 _aSelf-help and personal development
856 _uhttps://public.digitaliapublishing.com/a/53469
942 _cCF
999 _c105020
_d105020